| 000 | 00712cam a2200241 a 4500 | ||
|---|---|---|---|
| 008 | |||
| 020 | _a9781847873392 (pbk.) | ||
| 049 | _aMAIN | ||
| 090 |
_aBF637.C6 _bNEL |
||
| 100 | 1 | _aNelson-Jones, Richard. | |
| 245 | 1 | 0 |
_aIntroduction to counselling skills : _btext and activities / _cRichard Nelson-Jones. |
| 250 | _a3rd ed. | ||
| 260 |
_aLos Angeles : _bSAGE, _c2009. |
||
| 300 |
_axi, 302 p. : _bill. ; _c25 cm. |
||
| 504 | _aIncludes bibliographical references. | ||
| 500 | _aIncludes index. | ||
| 650 | 0 | _aCounseling. | |
| 907 |
_a.b10286202 _b02-08-11 _c03-11-10 |
||
| 003 | |||
| 005 | 20230123125054.0 | ||
| 040 | _cNUST | ||
| 942 |
_cBOOKS _kBF637.C6 _mNEL |
||
| 999 |
_c135233 _d135233 |
||